| 000 | 00447nam a2200169 a 4500 | ||
|---|---|---|---|
| 001 | 0000-8950 | ||
| 003 | ELIB.Books | ||
| 008 | 110520 1964 | ||
| 035 | _a(ELIB.Books)0000-9098 | ||
| 082 |
_a230 _bBjo |
||
| 100 | _aBjornard , Reidar B. | ||
| 245 | _aToward Man's Redemption | ||
| 260 |
_bChicago; American Baptist Board of Education and P _c1964 |
||
| 650 | _aTheology | ||
| 942 |
_2ddc _cBK |
||
| 998 |
_cbat _e2011-05-20 |
||
| 999 |
_c8950 _d8950 |
||